[Event "Asia Clubs 1st"]
[Site "Al Ain"]
[Date "2008.12.25"]
[Round "1"]
[White "Maharjan, Prem Krishna"]
[Black "Gundavaa, Bayarsaihan"]
[Result "0-1"]
[WhiteElo "1971"]
[BlackElo "2458"]
[PlyCount "94"]
[EventDate "2008.12.25"]
[EventType "team"]
[EventRounds "7"]
[EventCountry "UAE"]
[SourceTitle "CBM 127 Extra"]
[Source "ChessBase"]
[SourceDate "2009.01.08"]
[SourceVersion "2"]
[SourceVersionDate "2009.01.28"]
[SourceQuality "1"]

1. e4 c5 2. Nf3 d6 3. d4 cxd4 4. Nxd4 Nf6 5. Nc3 a6 6. Bg5 e6 7. f4 h6 8. Bh4 Be7 9. Qf3 Nbd7 10. 0-0-0 Qc7 11. g4 g5 12. fxg5 Ne5 13. Qg3 Nfxg4 14. gxh6 Bxh4 15. Qxh4 Qe7 16. Qxe7+ Kxe7 17. Rd2 Rxh6 18. h3 Bd7 19. Nd1 Nf6 20. Bg2 Rg8 21. Ne3 Rh4 22. Ne2 Nxe4 23. Rd4 d5 24. Bxe4 dxe4 25. Nc3 Rg3 26. Nc4 Nxc4 27. Rxc4 f5 28. Rc7 Kd6 29. Rxb7 Bc6 30. Rb6 Rgxh3 31. Rd1+ Kc7 32. Rxa6 Rxc3 33. bxc3 e3 34. Ra7+ Bb7 35. Re1 f4 36. Rg1 Kb6 37. Ra4 f3 38. Rxh4 f2 39. Rb4+ Kc5 40. Rf1 e2 41. Rxf2 e1Q+ 42. Kb2 Qxf2 43. Rxb7 e5 44. Rb4 Qf3 45. a4 e4 46. a5 e3 47. a6 e2 0-1

[Event "Mumbai Mayors Cup 1st"]
[Site "Mumbai"]
[Date "2008.05.12"]
[Round "2"]
[White "Palit, Somak"]
[Black "Maharjan, Prem Krishna"]
[Result "1-0"]
[WhiteElo "2368"]
[BlackElo "2096"]
[PlyCount "105"]
[EventDate "2008.05.11"]
[EventType "swiss"]
[EventRounds "11"]
[EventCountry "IND"]
[SourceTitle "CBM 124 Extra"]
[Source "ChessBase"]
[SourceDate "2008.07.03"]
[SourceVersion "1"]
[SourceVersionDate "2008.07.03"]
[SourceQuality "1"]

1. e4 e5 2. Nf3 Nc6 3. Bb5 a6 4. Ba4 Nf6 5. d3 d6 6. c3 Be7 7. 0-0 0-0 8. Re1 Bg4 9. h3 Bh5 10. Nbd2 b5 11. Bc2 Nb8 12. Nf1 c5 13. Ng3 Bg6 14. Nh4 Nbd7 15. Nhf5 Re8 16. f4 Bf8 17. Rf1 d5 18. Nxg7 Bxg7 19. f5 d4 20. a4 Qb6 21. c4 bxc4 22. dxc4 a5 23. Ra3 Qc6 24. fxg6 hxg6 25. Raf3 Nf8 26. Qe1 Ra7 27. Bd2 Rb8 28. b3 Rba8 29. Qf2 N8h7 30. h4 Qe6 31. h5 Nxh5 32. Nxh5 gxh5 33. Rf5 Nf8 34. Rxh5 Ng6 35. Qg3 Rb7 36. Bd1 Rab8 37. Bxa5 Qc6 38. Qf3 Nf4 39. Rf5 d3 40. Bd2 Qh6 41. Be3 Rxb3 42. Bxb3 Rxb3 43. Bxf4 exf4 44. e5 Ra3 45. Rxf4 Bxe5 46. Rg4+ Bg7 47. Qxf7+ Kh8 48. Qe8+ Kh7 49. Rxg7+ Qxg7 50. Rf7 Qxf7 51. Qxf7+ Kh8 52. Qf8+ Kh7 53. Qxc5 1-0

[Event "New Delhi Parsvnath op 6th"]
[Site "New Delhi"]
[Date "2008.01.16"]
[Round "6"]
[White "Gomes, Mary Ann"]
[Black "Maharjan, Prem Krishna"]
[Result "1-0"]
[WhiteElo "2255"]
[BlackElo "2096"]
[PlyCount "105"]
[EventDate "2008.01.13"]
[EventType "swiss"]
[EventRounds "10"]
[EventCountry "IND"]
[SourceTitle "CBM 122 Extra"]
[Source "ChessBase"]
[SourceDate "2008.03.04"]
[SourceVersion "1"]
[SourceVersionDate "2008.03.04"]
[SourceQuality "1"]

1. Nf3 Nc6 2. g3 e5 3. d3 Nf6 4. Bg2 d5 5. 0-0 Be7 6. c3 0-0 7. Qc2 Bf5 8. Nbd2 Qd7 9. e4 Bh3 10. exd5 Nxd5 11. Re1 Nf4 12. Bxh3 Nxh3+ 13. Kg2 Qf5 14. Nc4 Bc5 15. Be3 Bd6 16. Nxd6 cxd6 17. Qa4 g5 18. Qe4 Qxe4 19. dxe4 g4 20. Nh4 Ne7 21. Bh6 Rfd8 22. f3 f6 23. fxg4 Ng5 24. Bxg5 fxg5 25. Nf5 Kf7 26. Rad1 Ke6 27. Rf1 Ng8 28. h3 Rac8 29. Rd2 Rd7 30. Rfd1 Rc6 31. Kf3 Nf6 32. h4 gxh4 33. gxh4 Ne8 34. g5 Rf7 35. Kg4 Ra6 36. h5 Rd7 37. b3 Rc6 38. c4 a6 39. Ne3 Rf7 40. Nf5 Rd7 41. g6 Nf6+ 42. Kf3 Nxh5 43. gxh7 Rxh7 44. Rxd6+ Rxd6 45. Rxd6+ Kf7 46. Rd7+ Kg6 47. Rxh7 Kxh7 48. Nd6 Nf6 49. Nxb7 Nd7 50. c5 Kg7 51. c6 Nb6 52. Nd6 Na8 53. Ne8+ 1-0

[Event "New Delhi Parsvnath op 6th"]
[Site "New Delhi"]
[Date "2008.01.14"]
[Round "3"]
[White "Maharjan, Prem Krishna"]
[Black "Amanov, Zhanibek"]
[Result "0-1"]
[WhiteElo "2096"]
[BlackElo "2366"]
[PlyCount "68"]
[EventDate "2008.01.13"]
[EventType "swiss"]
[EventRounds "10"]
[EventCountry "IND"]
[SourceTitle "CBM 122 Extra"]
[Source "ChessBase"]
[SourceDate "2008.03.04"]
[SourceVersion "1"]
[SourceVersionDate "2008.03.04"]
[SourceQuality "1"]

1. e4 c5 2. Nf3 Nc6 3. d4 cxd4 4. Nxd4 g6 5. Nc3 Bg7 6. Be3 Nf6 7. Qd2 0-0 8. f3 d5 9. exd5 Nxd5 10. Nxc6 bxc6 11. Bd4 e5 12. Bc5 Nxc3 13. Bxf8 Qxf8 14. bxc3 e4 15. Bc4 exf3 16. gxf3 Bf5 17. Rb1 Qc5 18. Qe2 Bxc3+ 19. Kd1 Rd8+ 20. Bd3 Be6 21. Rb3 a5 22. Qe4 Bd5 23. Qf4 Bxb3 24. axb3 Qf2 25. Kc1 Rxd3 26. cxd3 Qb2+ 27. Kd1 Qb1+ 28. Ke2 Qxh1 29. d4 Qe1+ 30. Kd3 Bb4 31. Qb8+ Kg7 32. Qc7 Qd2+ 33. Ke4 Qe2+ 34. Kf4 Qxh2+ 0-1